12 apôtres - Statistiques

Statistiques générales
  • Ce quiz a été pris 243 fois
  • Le résultat moyen est 4 sur 13
Statistiques - réponses
Hint Réponse % Correct
Il tient les clés du royaume des cieux Pierre
87%
Il est le bien-aimé de Jésus Jean
78%
Il est incrédule Thomas
53%
Il était collecteur d'împot Matthieu
40%
Il était un Zélote Simon
39%
Il est crucifié sur une croix en X André
27%
Il a trahi Jésus Judas Iscariot
24%
Il est appelé aussi Thaddée Jude
20%
Il vient de Bethsaïde Philippe
17%
On l'appelle aussi Nathanaël Barthélemy
16%
Il est vénéré a Compostelle Jacques le majeur
14%
Il est le fils d'Alphée Jacques le mineur
14%
Il a remplacé Judas Iscariot Matthias
9%
Aucun quiz correspondant
Distribution des résultats
% des personnes avec chaque résultat
Percentile par nombre de réponses
Votre historique - résultats
Vous n’avez pas pris ce quiz